Sherlock Surnames Quiz Stats

 Plays Quiz Updated Dec 23, 2014

Support Sporcle.
Go Orange.
Score 0/12 Timer 02:00
0 Plays Today
First Name Surname % Correct
SherlockHolmes
99.7%
JohnWatson
97.5%
JimMoriarty
83.8%
IreneAdler
79.4%
GregLestrade
75.1%
ElizabethSmallwood
68.4%
MarthaHudson
65.4%
MollyHooper
60.2%
PhillipAnderson
54.3%
SallyDonovan
46%
MaryMorstan
37%
CharlesMagnussen
36.9%

You're not logged in!

Compare scores with friends on all Sporcle quizzes.
OR
Log In

From the Vault

Click the Cartoon Silhouette

by kagomeshuko

These cartoons are so well-known, you don't need facial features to know who they are.
Remove Ads.
Support Sporcle.
Get the best of Sporcle when you Go Orange. This ad-free experience offers more features, more stats, and more fun while also helping to support Sporcle. Thank you for becoming a member.

Show Comments

Extras

Top Quizzes Today


Score Distribution

Your Account Isn't Verified!

In order to create a playlist on Sporcle, you need to verify the email address you used during registration. Go to your Sporcle Settings to finish the process.

Report this User

Report this user for behavior that violates our Community Guidelines.

Details: